Biggest Cities in the World not in Asia - Statistics

General Stats
  • This quiz has been taken 159 times
  • The average score is 43 of 54
Answer Stats
Population City % Correct
22.2 mil New York City
99%
11.3 mil Paris
99%
14.5 mil London
98%
17.7 mil Los angeles
98%
22.3 mil Mexico City
98%
16.9 mil Moscow
98%
12.7 mil Rio de Janeiro
98%
17.1 mil Cairo
96%
6.25 mil Madrid
95%
4.50 mil Berlin
93%
16.0 mil Buenos Aires
93%
21.9 mil Sao Paulo
93%
9.80 mil Chicago
92%
17.6 mil Lagos
92%
4.65 mil Barcelona
91%
9.50 mil Bogota
91%
6.20 mil Houston
91%
7.70 mil San Francisco
91%
13.1 mil Johannesburg
90%
7.05 mil Santiago
89%
4.13 mil Cape Town
88%
6.55 mil Dallas
88%
10.1 mil Lima
88%
6.10 mil Miami
88%
14.6 mil Istanbul
87%
7.75 mil Boston
85%
5.10 mil Milan
84%
7.10 mil Toronto
84%
5.45 mil Saint Petersburg
80%
4.90 mil Sydney
80%
8.40 mil Washington DC
80%
7.30 mil Philadelphia
79%
4.40 mil Melbourne
78%
10.9 mil Kinshasa
77%
4.33 mil Phoenix
75%
4,06 mil Seattle
75%
5.20 mil Nairobi
73%
5.50 mil Atlanta
72%
4.09 mil Montreal
72%
5.15 mil Alexandria
71%
5.70 mil Detroit
69%
4.18 mil Casablanca
66%
4.98 mil Guadalajara
65%
6.80 mil Luanda
62%
4.58 mil Accra
59%
4.25 mil Naples
59%
5.55 mil Khartoum
56%
5.30 mil Dar es Salaam
55%
4.93 mil Belo Horizonte
54%
5.05 mil Abidjan
52%
4.62 mil Monterrey
52%
4.03 mil Tampa
41%
4.10 mil Kano
39%
4.08 mil Porto Alegre
38%
No matching quizzes found
Score Distribution
Percent of People with Each Score
Percentile by Number Answered
Your Score History
You have not taken this quiz